LEADER 01157cam0-22003611i-450- 001 990006601640403321 005 20081027144539.0 035 $a000660164 035 $aFED01000660164 035 $a(Aleph)000660164FED01 035 $a000660164 100 $a20010426d1980----km-y0itay50------ba 101 0 $aita 102 $aIT 105 $ay---n---001yy 200 1 $a<>sommarie informazioni di polizia e la difesa dell'indiziato$e(art. 5 d.l. 21 marzo 1978 n. 59, convertito nella l. 18 maggio 1978 n. 191)$fVittorio Grevi$gappendice a cura di G. Conso 210 $aMilano$cGiuffrè$d1980 215 $a171 p.$d22 cm 225 1 $a<>legislazione dell'emergenza$v4 676 $a345$v20$zita 700 1$aGrevi,$bVittorio$0222797 702 1$aConso,$bGiovanni 801 0$aIT$bUNINA$gRICA$2UNIMARC 901 $aBK 912 $a990006601640403321 952 $aCOLLEZ. 869 (4)$b22970$fFSPBC 952 $aCOLLEZIONE 358 (4)$b111324$fFGBC 952 $a5,1-204(4)$fDSPCP 959 $aFGBC 959 $aFSPBC 959 $aDSPCP 996 $aSommarie informazioni di polizia e la difesa dell'indiziato$9621676 997 $aUNINA LEADER 01320nam a22003011i 4500 001 991002490639707536 005 20040404133142.0 008 040407s1979 it |||||||||||||||||ita 035 $ab12930477-39ule_inst 035 $aARCHE-091008$9ExL 040 $aDip.to Scienze Storiche$bita$cA.t.i. Arché s.c.r.l. Pandora Sicilia s.r.l. 082 04$a361.5 245 02$aL'attività artigianale /$cPio Nodari 260 $a[S.l.] :$b[s.n.],$c[1979?] 300 $aP. 97-552 ;$c31 cm 500 $aSul front.: Confederazione Generale dell'Industria Italiana, Federazione Regionale degli industriali del Friuli-Venezia Giulia 500 $aEstr. da: Friuli 1976 : una ricerca socio-economica su sei comuni dell'area terremotata 651 4$aFriuli$xZone terremotate$xAttività artigianale 651 4$aFriuli$xZone terremotate$xCondizioni economiche e sociali 700 1 $aValussi, Giorgio 710 2 $aConfindustria 710 2 $aFederazione regionale degli industriali del Friuli-Venezia Giulia 907 $a.b12930477$b02-04-14$c16-04-04 912 $a991002490639707536 945 $aLE009 GEOG.14.414-16$g1$i2009000162419$lle009$o-$pE0.00$q-$rl$s- $t0$u0$v0$w0$x0$y.i13504551$z16-04-04 996 $aAttività artigianale$9281488 997 $aUNISALENTO 998 $ale009$b16-04-04$cm$da $e-$fita$git $h2$i1